000 00243nam a22000857a 4500
008 160912b xxu||||| |||| 00| 0 eng d
100 _9399
_aSingh, R
245 _aTogether With Picture Dictionary
260 _aNew Delhi
_bRachna Sagar publication
_c2008
999 _c3056
_d3056